Řím : Světla a stíny antického velkoměsta
Salvato in:
| Autore principale: | |
|---|---|
| Natura: | Libro |
| Lingua: | ceco |
| Pubblicazione: |
Praha :
Svoboda,
1970
|
| Tags: |
Nessun Tag, puoi essere il primo ad aggiungerne!!
|
MARC
| LEADER | 00000nam a22000003a 4500 | ||
|---|---|---|---|
| 001 | stu231207 | ||
| 005 | 20150617230134.3 | ||
| 008 | 110712s1970----xr------------------cze-d | ||
| 040 | |a STU |b slo | ||
| 041 | 0 | |a cze | |
| 044 | |a xr | ||
| 100 | 1 | |a Burian, Jan |4 aut | |
| 245 | 1 | |a Řím : |b Světla a stíny antického velkoměsta | |
| 260 | |a Praha : |b Svoboda, |c 1970 | ||
| 300 | |a 286 s | ||
| 996 | |b 284V028768 |c V*7146/O-737 |l VVT |s A |a 24 |w stu231207_0001 | ||